000 00582nam a2200217 a 4500
999 _c7057
_d7057
001 7057
003 BD-JhCC
005 20180416094407.0
008 180204s1957 n |||| |||| 001 0 eng d
035 _a(BD-JhCC) 7057
040 _aBD-JhCC
_dBD-JhCC
041 _aeng
082 _a371.2
_bNOL1957
100 _aNoll, Victor H.
245 _aIntroduction to Educational Measurement /
_cVictor H. Noll
260 _aBoston :
_bHoughton mifflin company,
_c1957.
300 _a437 p.;
_c21 cm.
650 _aSchool Management and organization
942 _2ddc
_cBK